01695agaaa2200301 45000010005000000030009000050050017000140070009000310080040000400400023000800410013001031000054001161300045001702450166002152500022003812600126004033000033005295080059005625200260006215380016008815460013008976500082009107000066009927000064010589420012011229990019011349520240011535137IT-RoPAU20220918181238.0d cvaizq50131s9999||||xx ||| | || ||und|| aIT-RoPAUcIT-RoPAU aITALIANO aFraiese PaologCodice regista SPICS: 29731943906 aGIORGIO LA PIRA-L'UOMO DELLA PACE943907 aGIORGIO LA PIRA-L'UOMO DELLA PACEcProdotto da: Fraiese Paolo Diretto da: Fraiese PaolopGIORGIO LA PIRA-L'UOMO DELLA PACE (Rif. Codice opera principale : 85137) aEdizione Standard aROMA (ITALIA)bSAMPAOLO FILM AUDIOVISIVI / Distribuzione: MASTER VIDEOg"1989? (1° ed.: 1989 ; Ed. Lingua Orig.: 1989?)" aVHSbsonoro, col.c25 minuti a"Fotografia: Campus Paolino; Musica: Lolini Ruggero; " aLUOGHI DELLA RIFLESSIONE E DELL'OPERA DI GIORGIO LA PIRA SINDACO SANTO, PROFETA DISARMATO GIORGIO LA PIRA COME GRANDE EDUCATORE E VERO UOMO DI PACE TESTIMONIANZE DI SUOI GIOVANI DISCEPOLI COME PROPOSTE DI UTILIZZAZIONE PASTORALE FILM DOCUMENTARIO A COLORI aPAL, STEREO aITALIANO aDOCUMENTARIOeTV-PROGRAMMI RELIGIOSI [VHS]xCodice MATERIA SPICS: 9963936814 aFraiese Paolo e(regista)gCodice regista SPICS: 29731943908 aLolini Ruggeroe(musica)gCodice Musica SPICS: 13188943909 cVH2ddc c105887d105887 001040685137_00000000000000071aSPICSbSPICSd2015-01-31l0o85137r2015-01-31 00:00:00w2015-01-31yVHzProgr. Ins.: 2671 / N.Vol.:1 / Copie: 1 / Pag.:0 / Copia rara: n.d. / date import: 1.2.2015 / By Epidotti, Trombetti, Vaglietti